Prof. G Ram Reddy Library

Mastering the art of calligraphy (Record no. 102445)

MARC details
000 -LEADER
fixed length control field 00535nam a2200193Ia 4500
003 - CONTROL NUMBER IDENTIFIER
control field LDD
008 - FIXED-LENGTH DATA ELEMENTS--GENERAL INFORMATION
fixed length control field 181029s9999 xx 000 0 und d
020 ## - INTERNATIONAL STANDARD BOOK NUMBER
International Standard Book Number 9781846810053
Terms of availability P 75.00
040 ## - CATALOGING SOURCE
Transcribing agency LDD
100 ## - MAIN ENTRY--PERSONAL NAME
Personal name Mehigan, Janet
245 #0 - TITLE STATEMENT
Title Mastering the art of calligraphy
Statement of responsibility, etc. Janet Mehigan
260 ## - PUBLICATION, DISTRIBUTION, ETC.
Place of publication, distribution, etc. London
Name of publisher, distributor, etc. Anness
Date of publication, distribution, etc. 2006
300 ## - PHYSICAL DESCRIPTION
Extent 256p.
365 ## - TRADE PRICE
Price amount P 75.00
901 ## - LOCAL DATA ELEMENT A, LDA (RLIN)
a 7330
b 09-08-2011
902 ## - LOCAL DATA ELEMENT B, LDB (RLIN)
a 935
b 10-02-2012
c F
d BBS
e FTF
903 ## - LOCAL DATA ELEMENT C, LDC (RLIN)
a Discount-30
b Reqst by : Lakshaman Prasad
942 ## - ADDED ENTRY ELEMENTS (KOHA)
Source of classification or shelving scheme Dewey Decimal Classification
Koha item type Books
Holdings
Withdrawn status Lost status Source of classification or shelving scheme Damaged status Not for loan Home library Current library Total Checkouts Full call number Barcode Date last seen Cost, replacement price Price effective from Koha item type
No   Dewey Decimal Classification     Library and Documentation Division Library and Documentation Division   745.61 M473M 085779 11/01/2018 5876.25 11/01/2018 Books

© Prof. G Ram Reddy Centre Library, Indira Gandhi National Open University, Maidan Garhi, New Delhi, 110068
+91-011-29532797 | FAX+91-011-29533393 |